000 01016nmm a2200301 a 4500
001 ocm0001683010
003 TR-IsHL
005 20201028170135.0
008 180102s2011 tu tur
007 cr cn
020 _a9789752692091
035 _a1683010
_b(N$T)
050 0 4 _aDR498
_b.B34 2011
090 0 4 _aDR498
_b.B34 2011
100 1 _aBahadıroğlu, Yavuz
245 1 0 _aII. Murad: hayırsever padişah
_h[electronic resource] /
_cYavuz Bahadıroğlu
260 _aİstanbul :
_bNesil Yayınları,
_c2011
300 _a64 p.
500 _aKaynakça var.
_x
650 4 _aTarih
650 4 _aHistory
650 0 _aII. Murad, Türk sultanı, 1326-1389
650 0 _aMurad II, Sultan of the Turks, 1326-1389
650 0 _aTürkiye
_x Tarih
_x 1288-1453
_x Kaynaklar
650 0 _aTurkey
_x History
_x 1288-1453
650 7 _aHISTORY / Middle East / Turkey & Ottoman Empire
_2bisacsh
856 4 0 _uhttp://search.ebscohost.com/login.aspx?direct=true&scope=site&db=e011xww&AN=1683010
999 _c16117
_d16117